Strategický manažment podniku
Na minha lista:
| Autor principal: | |
|---|---|
| Autor Corporativo: | |
| Outros Autores: | , |
| Formato: | Livro |
| Idioma: | eslovaco |
| Publicado em: |
Bratislava
Vydavateľstvo Ekonóm
2007
|
| Edição: | 2. vyd. |
| Assuntos: | |
| Tags: |
Sem tags, seja o primeiro a adicionar uma tag!
|
MARC
| LEADER | 00000nam a2200000 4500 | ||
|---|---|---|---|
| 001 | 0071115 | ||
| 005 | 20221007085745.6 | ||
| 020 | |a 978-80-225-2474-2 | ||
| 041 | 0 | |a slo | |
| 044 | |a SK | ||
| 245 | 1 | 0 | |a Strategický manažment podniku |c Martin Vološin |
| 250 | |a 2. vyd. | ||
| 264 | 1 | |a Bratislava |b Vydavateľstvo Ekonóm |c 2007 | |
| 300 | |a 205 s. | ||
| 610 | 2 | 0 | |a manažment strategický |
| 610 | 2 | 0 | |a stratégia podniková |
| 610 | 2 | 0 | |a kontrola |
| 610 | 2 | 0 | |a podnik |
| 610 | 2 | 0 | |a prostredie podnikové |
| 610 | 2 | 0 | |a podnikanie |
| 610 | 2 | 0 | |a štúdie prípadové |
| 100 | 1 | |a Vološin, Martin | |
| 700 | 1 | |a Slávik, Štefan, 1955- | |
| 700 | 1 | |a Koštial, Imrich | |
| 710 | 2 | |a Ekonomická univerzita v Bratislave. Podnikovohospodárska fakulta so sídlom v Košiciach | |